[Event "III Torneo A Settembre Vomero"]
[Site "Napoli ITA"]
[Date "2006.09.28"]
[Round "3"]
[White "Accardo, Francesco"]
[Black "Vannini, Aldo"]
[Result "0-1"]
[WhiteElo "1843"]
[BlackElo "1749"]
[PlyCount "66"]
[EventDate "2006.09.14"]

1. g4 d5 2. Bg2 e6 3. d4 Nc6 4. a4 Be7 5. Nf3 b6 6. Bf4 Bb7 7. g5 Bd6 8. Bd2
Nge7 9. b4 Bxb4 10. c3 Bd6 11. h4 Na5 12. Bc1 Nec6 13. h5 Be7 14. Qd3 Nc4 15.
g6 hxg6 16. Nbd2 N6a5 17. Rb1 gxh5 18. e4 Nxd2 19. Nxd2 dxe4 20. Nxe4 f5 21.
Qg3 Bxe4 22. Bxe4 fxe4 23. Qxg7 Rf8 24. Rxh5 Qd6 25. Rbb5 O-O-O 26. d5 Bf6 27.
Qg2 exd5 28. Ke2 Qc6 29. Qh3+ Kb8 30. Kf1 Rh8 31. Bh6 Qxc3 32. Qh2 Qd3+ 33. Kg1
Rhg8+ 0-1

[Event "III Torneo A Settembre Vomero"]
[Site "Napoli ITA"]
[Date "2006.09.28"]
[Round "3"]
[White "Capozzoli, Silvio"]
[Black "Rosato, Luciano"]
[Result "0-1"]
[WhiteElo "1906"]
[BlackElo "2215"]
[PlyCount "110"]
[EventDate "2006.09.14"]

1. c4 Nf6 2. Nc3 g6 3. g3 Bg7 4. Bg2 O-O 5. e3 e5 6. Nge2 d6 7. O-O c6 8. d4
Na6 9. a3 Bg4 10. h3 Bf5 11. e4 Bc8 12. Be3 Qe7 13. Qc2 Be6 14. d5 cxd5 15.
cxd5 Bd7 16. b4 Rfc8 17. Qd3 Qe8 18. Rfc1 Nc7 19. a4 Na6 20. Rcb1 Nh5 21. Nb5
Bxb5 22. axb5 Nc7 23. b6 axb6 24. Bxb6 Qb5 25. Rxa8 Rxa8 26. Qe3 Ne8 27. Bf1
Qd7 28. Nc3 Bf6 29. Nb5 Bd8 30. Rc1 Bxb6 31. Qxb6 Ra6 32. Qe3 Ra4 33. Qc3 Nhf6
34. Qc8 Qxc8 35. Rxc8 Kg7 36. Rd8 Rxb4 37. f3 Kf8 38. Nxd6 Ke7 39. Nxe8 Nxe8
40. Rb8 Nd6 41. h4 Rb2 42. g4 b5 43. Rb6 b4 44. Rc6 b3 45. Rc7+ Kd8 46. Rc6 Kd7
47. Rc3 Nb7 48. Ba6 Na5 49. Rc5 Ra2 50. Bd3 Kd6 51. Rb5 Rd2 52. Bb1 Rd1+ 53.
Kf2 Rxb1 54. Rxa5 Rh1 55. Rb5 b2 0-1

[Event "III Torneo A Settembre Vomero"]
[Site "Napoli ITA"]
[Date "2006.09.28"]
[Round "3"]
[White "Cosenza, Gianni"]
[Black "Della Ragione, Achille"]
[Result "1/2-1/2"]
[WhiteElo "2065"]
[BlackElo "2013"]
[PlyCount "144"]
[EventDate "2006.09.14"]

1. e4 d5 2. exd5 Nf6 3. Bb5+ Bd7 4. Be2 Nxd5 5. d4 e6 6. Nf3 c5 7. c4 Nb6 8.
Nc3 cxd4 9. Nxd4 Bb4 10. Qb3 a5 11. O-O O-O 12. a3 Bxc3 13. Qxc3 Qc8 14. b3 Nc6
15. Nb5 f6 16. Be3 Ra6 17. Bc5 Rd8 18. Qe3 Na8 19. Rad1 b6 20. Bd6 Be8 21. Rfe1
Na7 22. Nc3 Nc6 23. c5 Ra7 24. cxb6 Rf7 25. Bc4 Bd7 26. Na4 Re8 27. f4 g6 28.
Qd3 Nd8 29. Ba6 Nb7 30. Rc1 Bc6 31. Qc3 Qd7 32. Qxc6 Nxd6 33. Qxd7 Rxd7 34.
Red1 Red8 35. Nc5 Nxb6 36. Nxd7 Rxd7 37. Rc6 Nd5 38. g3 Kf7 39. b4 axb4 40.
axb4 Ke7 41. b5 Nb4 42. Rcc1 Nd5 43. Rb1 Nb6 44. Rdc1 Ndc4 45. Rxc4 Nxc4 46. b6
Nxb6 47. Rxb6 Rd1+ 48. Kg2 Rd2+ 49. Kh3 h6 50. Bc4 Rd6 51. Rb7+ Kf8 52. Bb3 g5
53. fxg5 hxg5 54. Kg4 Rd2 55. h3 Rd4+ 56. Kh5 Rd3 57. Bxe6 Rxg3 58. Kg6 Rf3 59.
Bf5 Rg3 60. Kxf6 Ke8 61. Bg4 Kd8 62. Kxg5 Rc3 63. h4 Ke8 64. h5 Kf8 65. h6 Kg8
66. h7+ Kh8 67. Bf5 Rg3+ 68. Kf4 Rf3+ 69. Ke5 Rxf5+ 70. Ke6 Rf6+ 71. Ke7 Re6+
72. Kd7 Rd6+ 1/2-1/2

[Event "III Torneo A Settembre Vomero"]
[Site "Napoli ITA"]
[Date "2006.09.28"]
[Round "3"]
[White "Monti, Riccardo"]
[Black "Cecaro, Dario"]
[Result "1-0"]
[WhiteElo "1600"]
[BlackElo "2096"]
[PlyCount "103"]
[EventDate "2006.09.14"]

1. e4 d6 2. d4 c6 3. c4 Qc7 4. Nc3 e5 5. Nf3 Bg4 6. Be2 Nf6 7. O-O Be7 8. Be3
O-O 9. Rc1 Nbd7 10. h3 Bh5 11. Nh2 Bg6 12. Bg5 h6 13. Bh4 Rad8 14. Ng4 Rfe8 15.
Nxf6+ Nxf6 16. Bxf6 Bxf6 17. d5 c5 18. Bd3 a6 19. Qb3 Bg5 20. Ra1 Rf8 21. Qc2
Qd7 22. Ne2 f5 23. Ng3 f4 24. Nf5 Bh7 25. h4 Bxf5 26. hxg5 Bg4 27. f3 Bh5 28.
gxh6 gxh6 29. Kf2 Qg7 30. Ke1 Be8 31. Qf2 b5 32. Rg1 Kh7 33. g3 fxg3 34. Rxg3
Qf6 35. Ke2 bxc4 36. Bxc4 Bg6 37. Qe3 Rb8 38. b3 Qh4 39. Rag1 Rf6 40. Rg4 Qh5
41. Kd2 Rbf8 42. Be2 Be8 43. Rg7+ Kh8 44. R1g2 Bg6 45. f4 exf4 46. Qc3 f3 47.
R7xg6 Qe5 48. Qxe5 dxe5 49. Rxf6 fxg2 50. Rxf8+ Kg7 51. Rf1 gxf1=Q 52. Bxf1 1-0

[Event "III Torneo A Settembre Vomero"]
[Site "Napoli ITA"]
[Date "2006.10.05"]
[Round "4"]
[White "Accardo, Francesco"]
[Black "Sorrentino, Michele"]
[Result "0-1"]
[WhiteElo "1843"]
[BlackElo "1996"]
[PlyCount "60"]
[EventDate "2006.09.14"]

1. b4 e5 2. Bb2 d6 3. c4 Nf6 4. Nc3 Bf5 5. h3 Nc6 6. g4 Bg6 7. Bg2 Rb8 8. b5
Nd4 9. d3 Be7 10. h4 h5 11. g5 Nd7 12. Nd5 O-O 13. f4 c6 14. Nxe7+ Qxe7 15. e4
f5 16. Nh3 fxe4 17. dxe4 d5 18. f5 Qb4+ 19. Qd2 Nc2+ 20. Kd1 Qxb2 21. Rc1 Ne3+
22. Qxe3 Qxg2 23. Re1 d4 24. Qb3 Nc5 25. Qa3 Qg4+ 26. Kc2 d3+ 27. Kb1 d2 28.
Rg1 dxc1=Q+ 29. Kxc1 Qxe4 30. Qxc5 Bxf5 0-1

[Event "III Torneo A Settembre Vomero"]
[Site "Napoli ITA"]
[Date "2006.10.05"]
[Round "4"]
[White "Cecaro, Dario"]
[Black "Ficco, Corrado"]
[Result "0-1"]
[WhiteElo "2096"]
[BlackElo "2165"]
[PlyCount "58"]
[EventDate "2006.09.14"]

1. d4 g6 2. e4 Bg7 3. f4 d6 4. Nf3 c6 5. Bd3 Bg4 6. c3 Nf6 7. O-O O-O 8. Be3
Nbd7 9. Nbd2 e5 10. h3 Bxf3 11. Nxf3 Qe7 12. Qe2 Nh5 13. Qd2 exf4 14. Bxf4 Nxf4
15. Qxf4 b5 16. Rae1 Rad8 17. Bc2 a5 18. a4 Nb6 19. axb5 cxb5 20. e5 d5 21. Nh2
Qc7 22. Ng4 Rfe8 23. Qg5 Qe7 24. Nf6+ Bxf6 25. exf6 Qd6 26. Bxg6 fxg6 27. Qxg6+
hxg6 28. f7+ Kg7 29. Rxe8 Qf8 0-1

[Event "III Torneo A Settembre Vomero"]
[Site "Napoli ITA"]
[Date "2006.10.05"]
[Round "4"]
[White "Della Ragione, Achille"]
[Black "Pinto, Gaetano"]
[Result "1-0"]
[WhiteElo "2013"]
[BlackElo "1979"]
[PlyCount "105"]
[EventDate "2006.09.14"]

1. c4 c6 2. Nf3 Nf6 3. d4 d5 4. cxd5 cxd5 5. Nc3 Nc6 6. Bg5 Ne4 7. e3 a6 8.
Nxe4 dxe4 9. Nd2 Bf5 10. Be2 Qa5 11. O-O e6 12. a3 Be7 13. Bxe7 Nxe7 14. b4 Qd8
15. Qa4+ Nc6 16. b5 axb5 17. Qxb5 Ra7 18. f3 Qd5 19. fxe4 Bxe4 20. Bc4 Qxb5 21.
Bxb5 Bg6 22. Rfc1 Ke7 23. Bxc6 bxc6 24. Rxc6 Rha8 25. Rc3 Ra4 26. Kf2 Rb8 27.
Nb3 Kd6 28. Nc5 Ra7 29. a4 e5 30. dxe5+ Kxe5 31. Nb3 Be4 32. a5 Bd5 33. Nd4
Rb2+ 34. Rc2 Rxc2+ 35. Nxc2 Be4 36. Nd4 Kd5 37. Nb5 Rb7 38. Nc3+ Ke5 39. Nxe4
Kxe4 40. a6 Ra7 41. Ra5 f5 42. Ke2 g5 43. h3 h6 44. Kf2 f4 45. Ra4+ Ke5 46.
exf4+ gxf4 47. Kf3 Kf5 48. Ra5+ Kg6 49. Kxf4 Kf6 50. g4 Kg6 51. h4 Kf6 52. Ke4
Ke7 53. Ke5 1-0

[Event "III Torneo A Settembre Vomero"]
[Site "Napoli ITA"]
[Date "2006.10.05"]
[Round "4"]
[White "Rosato, Luciano"]
[Black "Cosenza, Gianni"]
[Result "1-0"]
[WhiteElo "2215"]
[BlackElo "2065"]
[PlyCount "59"]
[EventDate "2006.09.14"]

1. e4 e6 2. d4 d5 3. Nc3 Nf6 4. Bg5 Be7 5. e5 Nfd7 6. h4 a6 7. Qg4 Kf8 8. Nh3
c5 9. dxc5 Nxe5 10. Qg3 f6 11. Be3 Nbc6 12. O-O-O Nd7 13. Nf4 Nxc5 14. Ncxd5
exd5 15. Rxd5 Qa5 16. Bc4 Nb4 17. Nh5 g5 18. Nxf6 Nxd5 19. Nxd5 Ne6 20. Qf3+
Ke8 21. Bb6 Qa4 22. Qc3 Rf8 23. Re1 Qc6 24. Qd3 Bd7 25. Rxe6 Bxe6 26. Nc7+ Qxc7
27. Bxc7 Rc8 28. Bxe6 Rxc7 29. Qg3 gxh4 30. Qxc7 1-0

[Event "III Torneo A Settembre Vomero"]
[Site "Napoli ITA"]
[Date "2006.10.05"]
[Round "4"]
[White "Vannini, Aldo"]
[Black "Monti, Riccardo"]
[Result "1/2-1/2"]
[WhiteElo "1749"]
[BlackElo "1600"]
[PlyCount "80"]
[EventDate "2006.09.14"]

1. d4 Nf6 2. c4 e6 3. Nc3 Bb4 4. Qc2 b6 5. a3 Bxc3+ 6. Qxc3 h6 7. Nf3 Bb7 8. g3
Ne4 9. Qd3 d5 10. cxd5 Bxd5 11. Bg2 Nd7 12. O-O O-O 13. b4 c5 14. Ne5 Nxe5 15.
dxe5 c4 16. Qd4 Ng5 17. Bxg5 hxg5 18. e4 Bb7 19. Qxc4 Rc8 20. Qe2 Qd4 21. Rfd1
Qxe5 22. Rac1 Rfd8 23. Rxc8 Rxc8 24. Qd3 Rc3 25. Qd7 Bxe4 26. Bxe4 Qxe4 27.
Qxa7 Qf3 28. Rf1 Rxa3 29. Qxb6 Qd5 30. Rb1 g4 31. Qb8+ Kh7 32. Qf4 Qd3 33. Rc1
f5 34. Qe5 Rb3 35. Qxe6 Rxb4 36. Qf7 Rb6 37. Qc7 Re6 38. Qf7 Rf6 39. Qh5+ Rh6
40. Qf7 Rf6 1/2-1/2

[Event "III Torneo A Settembre Vomero"]
[Site "Napoli ITA"]
[Date "2006.10.12"]
[Round "5"]
[White "Di Giulio, Massimo"]
[Black "Ficco, Corrado"]
[Result "0-1"]
[WhiteElo "2033"]
[BlackElo "2165"]
[PlyCount "84"]
[EventDate "2006.09.14"]

1. b3 e5 2. Bb2 d6 3. e3 Nf6 4. d4 Nbd7 5. Nf3 e4 6. Nfd2 d5 7. c4 c6 8. Be2
Bd6 9. Nc3 O-O 10. O-O Re8 11. Rc1 Nf8 12. Re1 Ng6 13. f3 exf3 14. Bxf3 Be6 15.
g3 Rc8 16. e4 dxe4 17. Ndxe4 Nxe4 18. Nxe4 Bb4 19. Bc3 Bxc3 20. Rxc3 Bf5 21.
Rce3 Bxe4 22. Rxe4 Rxe4 23. Rxe4 Qd7 24. Qe2 f5 25. Re6 Qxd4+ 26. Kg2 Rd8 27.
Kh3 Qd7 28. Bh5 Kf7 29. Bxg6+ hxg6 30. Re5 Rh8+ 31. Kg2 Re8 32. Rxe8 Qxe8 33.
Qd2 Qe4+ 34. Kh3 Qe6 35. Kg2 Qe7 36. Kh3 a6 37. Qf4 Kg8 38. Qb8+ Kh7 39. Qf4
Qe2 40. Qd4 g5 41. Qg1 g4+ 42. Kh4 Qe7+ 0-1

[Event "III Torneo A Settembre Vomero"]
[Site "Napoli ITA"]
[Date "2006.10.12"]
[Round "5"]
[White "Monti, Riccardo"]
[Black "Radice, Mario"]
[Result "1-0"]
[WhiteElo "1600"]
[BlackElo "1811"]
[PlyCount "47"]
[EventDate "2006.09.14"]

1. e4 c5 2. Nf3 e6 3. d4 cxd4 4. Nxd4 Nf6 5. Nc3 a6 6. Be2 d6 7. Be3 Be7 8. g4
b5 9. Bd3 Bb7 10. g5 Nfd7 11. Qh5 Nc5 12. a3 Nc6 13. f4 g6 14. Qf3 e5 15. Nxc6
Bxc6 16. h4 f5 17. O-O-O fxe4 18. Nxe4 Rc8 19. Bxc5 Bxe4 20. Bxe4 Rxc5 21. Bc6+
Kf8 22. fxe5+ Kg7 23. exd6 Bxd6 24. Qf6+ 1-0

[Event "III Torneo A Settembre Vomero"]
[Site "Napoli ITA"]
[Date "2006.10.12"]
[Round "5"]
[White "Vannini, Aldo"]
[Black "Rosato, Luciano"]
[Result "0-1"]
[WhiteElo "1749"]
[BlackElo "2215"]
[PlyCount "92"]
[EventDate "2006.09.14"]

1. d4 Nf6 2. c4 g6 3. Nc3 Bg7 4. e4 d6 5. Bd3 e5 6. d5 O-O 7. Nge2 Na6 8. a3
Nc5 9. Bc2 a5 10. f3 Nh5 11. Be3 b6 12. a4 f5 13. Rb1 f4 14. Bf2 Qg5 15. Rg1
Na6 16. Nb5 Qe7 17. Qd2 Nb4 18. Bb3 Bf6 19. Nc1 Bh4 20. Bd1 Rf7 21. Nc3 Ba6 22.
b3 Raf8 23. N3a2 Bxf2+ 24. Qxf2 Nxa2 25. Nxa2 g5 26. Rc1 Rg7 27. Rc3 g4 28.
fxg4 Nf6 29. Qh4 Nxe4 30. Qxe7 Rxe7 31. Rd3 Rg7 32. Bf3 Nc5 33. Rc3 h5 34. h3
e4 35. Be2 hxg4 36. Bxg4 Nd3+ 37. Kd2 Bc8 38. Bxc8 Rxc8 39. Nc1 Ne5 40. Ke2 Nf3
41. Rxf3 exf3+ 42. Kxf3 Re8 43. Kxf4 Rf8+ 44. Ke4 Rg3 45. Ne2 Re8+ 46. Kf4 Rxb3
0-1

[Event "III Torneo A Settembre Vomero"]
[Site "Napoli ITA"]
[Date "2006.10.19"]
[Round "6"]
[White "Cecaro, Dario"]
[Black "Gallo, Thomas Renato"]
[Result "0-1"]
[WhiteElo "2096"]
[BlackElo "1862"]
[PlyCount "120"]
[EventDate "2006.09.14"]

1. d4 g6 2. e3 Bg7 3. f4 d6 4. Nf3 Nd7 5. Bc4 Ngf6 6. O-O c6 7. Nbd2 O-O 8. e4
Nh5 9. Nb3 Nb6 10. Be2 Nf6 11. e5 Ne4 12. c3 f5 13. Bd3 d5 14. Be3 Nc4 15. Bxc4
dxc4 16. Nbd2 Qd5 17. Qe2 b5 18. Rae1 Nxd2 19. Bxd2 Bb7 20. Be3 e6 21. Rd1 Rad8
22. h4 Bh6 23. Qf2 Rd7 24. Nd2 Rff7 25. Qf3 Bf8 26. Qxd5 cxd5 27. Nf3 h6 28.
Kf2 Be7 29. Rh1 a5 30. g3 b4 31. h5 Rg7 32. Rh2 Bc8 33. hxg6 Rxg6 34. Rdh1 Bf8
35. Rh4 bxc3 36. bxc3 Rb7 37. Re1 Rb2+ 38. Bd2 Bd7 39. Rhh1 Rxa2 40. Ra1 Rxa1
41. Rxa1 a4 42. Ne1 Be8 43. Nc2 Rg7 44. Nb4 Rb7 45. Na2 Rb2 46. Ke3 Be7 47. Nc1
a3 48. Na2 Ba4 49. Nb4 Bxb4 50. cxb4 Rb3+ 51. Kf2 c3 52. Bc1 Rb2+ 53. Ke3 a2
54. Kd3 Rg2 55. Kxc3 Rxg3+ 56. Kb2 Bb3 57. b5 Bc4 58. b6 Rb3+ 59. Kc2 Rxb6 60.
Bb2 60... Kg7 {...} 0-1

[Event "III Torneo A Settembre Vomero"]
[Site "Napoli ITA"]
[Date "2006.10.19"]
[Round "6"]
[White "Della Ragione, Achille"]
[Black "Monti, Riccardo"]
[Result "0-1"]
[WhiteElo "2013"]
[BlackElo "1600"]
[PlyCount "94"]
[EventDate "2006.09.14"]

1. c4 Nf6 2. Nc3 e5 3. e4 Nc6 4. g3 Ne7 5. d3 Ng6 6. Bg2 Be7 7. Nge2 d6 8. O-O
h5 9. f4 exf4 10. gxf4 h4 11. f5 h3 12. Bf3 Ne5 13. Ng3 b6 14. Be2 c5 15. d4
cxd4 16. Qxd4 a6 17. Be3 Rb8 18. Qd1 Qc7 19. Nd5 Nxd5 20. cxd5 Qd8 21. Qd2 Bd7
22. Rac1 b5 23. b3 b4 24. Rc2 Bb5 25. Rfc1 O-O 26. Bxb5 Nf3+ 27. Kf2 Nxd2 28.
Bxd2 Rxb5 29. Nh5 Bh4+ 30. Kf3 Bg5 31. Rc8 Qxc8 32. Rxc8 Rxc8 33. Bxg5 Rc2 34.
Bf4 Rb6 35. Be3 Rb7 36. Bf4 Rd7 37. f6 g6 38. Ng3 Rxa2 39. Ne2 a5 40. Nd4 g5
41. Bg3 a4 42. Kg4 a3 43. Nc6 Re2 44. Kf3 a2 45. Kxe2 a1=Q 46. Be1 Qxf6 47.
Bxb4 Qf4 0-1

[Event "III Torneo A Settembre Vomero"]
[Site "Napoli ITA"]
[Date "2006.10.19"]
[Round "6"]
[White "Esposito, Rosario"]
[Black "Vannini, Aldo"]
[Result "1/2-1/2"]
[WhiteElo "1730"]
[BlackElo "1749"]
[PlyCount "97"]
[EventDate "2006.09.14"]

1. d4 d5 2. c4 e6 3. Nc3 Nf6 4. Bg5 Be7 5. e3 c6 6. Nf3 Nbd7 7. Bd3 dxc4 8.
Bxc4 Nd5 9. Bxe7 Qxe7 10. Nxd5 exd5 11. Bd3 Nf6 12. Ne5 O-O 13. a3 Be6 14. O-O
Rfc8 15. b4 a5 16. Qb1 g6 17. Rc1 Ne8 18. Nf3 axb4 19. Qxb4 Qxb4 20. axb4 Nd6
21. Nd2 b5 22. Nb3 Nc4 23. Kf1 Ra4 24. Rxa4 bxa4 25. Nc5 a3 26. Ra1 Ra8 27.
Bxc4 dxc4 28. Nxe6 fxe6 29. Ke1 a2 30. Kd2 Ra3 31. Kc2 Kf7 32. Kb2 Rb3+ 33.
Kxa2 Rxb4 34. Rc1 Ra4+ 35. Kb2 Ke7 36. Kc3 Kd6 37. e4 e5 38. dxe5+ Kxe5 39. f3
h5 40. Re1 g5 41. Re2 g4 42. fxg4 hxg4 43. h3 gxh3 44. gxh3 Ra3+ 45. Kxc4 Rxh3
46. Kc5 Rc3+ 47. Kb4 Rc1 48. Kb3 c5 49. Re3 1/2-1/2

[Event "III Torneo A Settembre Vomero"]
[Site "Napoli ITA"]
[Date "2006.10.19"]
[Round "6"]
[White "Improta, Giovanni"]
[Black "Benedetto, Massimo"]
[Result "0-1"]
[WhiteElo "1700"]
[BlackElo "1936"]
[PlyCount "58"]
[EventDate "2006.09.14"]

1. d4 Nf6 2. c4 c5 3. d5 b5 4. cxb5 a6 5. e3 g6 6. Nc3 d6 7. f3 Bg7 8. Bd3 O-O
9. Nge2 Nbd7 10. f4 Qc7 11. b3 Nb6 12. e4 c4 13. bxc4 Nxc4 14. Qb3 Na5 15. Qb4
Bd7 16. a4 Rfc8 17. Bd2 Nc4 18. Bxc4 Qxc4 19. Qxc4 Rxc4 20. O-O Nxe4 21. Nxe4
Bxa1 22. Rxa1 Rxe4 23. Ng3 Rd4 24. Be3 Rd3 25. Bb6 axb5 26. a5 Rxd5 27. Rc1 b4
28. Ne4 b3 29. Rb1 Bf5 0-1

[Event "III Torneo A Settembre Vomero"]
[Site "Napoli ITA"]
[Date "2006.10.19"]
[Round "6"]
[White "Pinto, Gaetano"]
[Black "Cosenza, Gianni"]
[Result "1-0"]
[WhiteElo "1979"]
[BlackElo "2065"]
[PlyCount "133"]
[EventDate "2006.09.14"]

1. d4 d5 2. c4 e6 3. Nc3 c6 4. cxd5 exd5 5. Bf4 Bf5 6. e3 Qb6 7. Qc1 Nf6 8. Nf3
Nbd7 9. Be2 h6 10. O-O Be7 11. a3 a5 12. Ne5 O-O 13. Bd3 Bxd3 14. Nxd3 Rfe8 15.
Qc2 Bf8 16. b4 Ne4 17. Na4 Qb5 18. Nac5 Ndxc5 19. bxc5 g5 20. Be5 g4 21. Rab1
Qc4 22. Rfc1 Qxc2 23. Rxc2 Re7 24. Rb6 Bg7 25. Rcb2 Bxe5 26. Nxe5 Nxc5 27. Nxc6
bxc6 28. dxc5 Re6 29. Rd2 Kg7 30. Rd4 f5 31. Rxd5 cxd5 32. Rxe6 Rb8 33. Rb6 Rc8
34. c6 Kg6 35. Kf1 h5 36. Ke2 Kf6 37. Kd3 Ke5 38. f4+ Kd6 39. Kd4 Re8 40. c7+
Kxc7 41. Rf6 Re4+ 42. Kxd5 Rxe3 43. Rxf5 h4 44. Rg5 g3 45. hxg3 hxg3 46. f5 Kd7
47. Rg7+ Ke8 48. a4 Ra3 49. Ke6 Kf8 50. Rg4 Rb3 51. Kf6 Rc3 52. Rd4 Rc6+ 53.
Kg5 Rc2 54. Kf6 Rc6+ 55. Kg5 Rc2 56. Kg6 Rxg2 57. f6 Re2 58. Rh4 Rh2 59. Rc4
Re2 60. Rc8+ Re8 61. Rc2 Re4 62. Rg2 Rg4+ 63. Kf5 Rg8 64. Ke6 Rg4 65. Kf5 Rg8
66. Rb2 g2 67. Ke6 1-0

[Event "III Torneo A Settembre Vomero"]
[Site "Napoli ITA"]
[Date "2006.10.19"]
[Round "6"]
[White "Rosato, Luciano"]
[Black "Sorrentino, Michele"]
[Result "1-0"]
[WhiteElo "2215"]
[BlackElo "1996"]
[PlyCount "79"]
[EventDate "2006.09.14"]

1. d4 Nf6 2. c4 g6 3. Nc3 Bg7 4. e4 d6 5. Nf3 O-O 6. Be2 Nbd7 7. O-O e5 8. d5
Nc5 9. Qc2 a5 10. Be3 b6 11. a3 a4 12. Nd2 Bd7 13. b4 axb3 14. Nxb3 Nxb3 15.
Qxb3 Ng4 16. Bxg4 Bxg4 17. f3 Bd7 18. a4 f5 19. Ra2 f4 20. Bd2 g5 21. Rfa1 g4
22. Be1 Qg5 23. Kh1 h5 24. Nb5 Rfc8 25. a5 gxf3 26. gxf3 Bh3 27. Qc2 Kh7 28.
Bb4 bxa5 29. Rxa5 Rxa5 30. Bxa5 Bf6 31. Rg1 Qh6 32. Bxc7 Be7 33. c5 dxc5 34.
Bxe5 Rg8 35. Rxg8 Kxg8 36. d6 Qg5 37. Qc4+ Kf8 38. dxe7+ Ke8 39. Nd6+ Kxe7 40.
Qf7+ 1-0

[Event "III Torneo A Settembre Vomero"]
[Site "Napoli ITA"]
[Date "2006.10.19"]
[Round "6"]
[White "Valenzi, Marco"]
[Black "Capozzoli, Silvio"]
[Result "0-1"]
[WhiteElo "2051"]
[BlackElo "1906"]
[PlyCount "76"]
[EventDate "2006.09.14"]

1. e4 d5 2. exd5 Nf6 3. Nc3 Nxd5 4. Nxd5 Qxd5 5. Nf3 Bg4 6. Be2 Nd7 7. O-O e6
8. d4 Bd6 9. c4 Qh5 10. g3 c6 11. Re1 Nf6 12. d5 Rd8 13. Nh4 Bc5 14. Bxg4 Qxg4
15. Qxg4 Nxg4 16. Be3 Nxe3 17. fxe3 cxd5 18. cxd5 Rxd5 19. Re2 Ke7 20. Kg2 Rhd8
21. Nf3 Rd1 22. Rxd1 Rxd1 23. e4 b5 24. e5 h6 25. Rc2 Rd5 26. a3 Kd7 27. g4 Bb6
28. h4 Bc7 29. Re2 a5 30. g5 b4 31. axb4 axb4 32. h5 hxg5 33. Nxg5 Rxe5 34.
Rxe5 Bxe5 35. Nxf7 Bxb2 36. h6 gxh6 37. Nxh6 Bg7 38. Ng4 b3 0-1

[Event "Torneo Estate Vomero"]
[Site "Napoli ITA"]
[Date "2006.06.15"]
[Round "2"]
[White "Radice, Mario"]
[Black "Della Ragione, Achille"]
[Result "1-0"]
[WhiteElo "1793"]
[BlackElo "2036"]
[PlyCount "97"]
[EventDate "2006.06.08"]

1. e4 d5 2. exd5 Nf6 3. d4 Nxd5 4. c4 Nb6 5. Nf3 Bg4 6. Be2 e6 7. O-O Be7 8.
Nc3 O-O 9. Be3 Nc6 10. d5 Bxf3 11. Bxf3 Ne5 12. b3 Nxf3+ 13. Qxf3 exd5 14. Bxb6
axb6 15. Qxd5 Qxd5 16. Nxd5 Bd6 17. Rfe1 f6 18. a4 Rfe8 19. Kf1 Kf7 20. Rad1
Rxe1+ 21. Kxe1 Re8+ 22. Kf1 Ke6 23. Re1+ Kd7 24. Rxe8 Kxe8 25. Ke2 Kd7 26. Kd3
Bc5 27. f3 c6 28. Nc3 Ke6 29. Ne4 Be7 30. g4 g6 31. f4 f5 32. Ng5+ Bxg5 33.
fxg5 Ke5 34. gxf5 Kxf5 35. Kd4 Kxg5 36. c5 Kf5 37. cxb6 Ke6 38. a5 Kd6 39. b4
h6 40. Ke4 c5 41. b5 g5 42. a6 bxa6 43. bxa6 Kc6 44. b7 Kc7 45. Kd5 g4 46. Kxc5
h5 47. Kd4 h4 48. Ke3 Kb8 49. Kf4 1-0

[Event "Torneo Estate Vomero"]
[Site "Napoli ITA"]
[Date "2006.06.15"]
[Round "2"]
[White "Rosato, Luciano"]
[Black "Pinto, Gaetano"]
[Result "1-0"]
[WhiteElo "2217"]
[BlackElo "1949"]
[PlyCount "49"]
[EventDate "2006.06.08"]

1. d4 d5 2. c4 c6 3. Nf3 Nf6 4. Nc3 e6 5. e3 Nbd7 6. Qc2 b6 7. Bd3 Bb7 8. O-O
Qc7 9. b3 Be7 10. Bb2 h6 11. Rac1 O-O 12. cxd5 exd5 13. Rfd1 Rac8 14. Ne2 Rfd8
15. Ng3 c5 16. Bf5 Qb8 17. Qe2 Rc7 18. Ne5 Nf8 19. Ng4 Bc8 20. dxc5 bxc5 21.
Nxf6+ Bxf6 22. Bxf6 gxf6 23. Qh5 Rc6 24. Qxh6 Ng6 25. Nh5 1-0

[Event "Torneo Estate Vomero"]
[Site "Napoli ITA"]
[Date "2006.06.15"]
[Round "2"]
[White "Valenzi, Marco"]
[Black "Ficco, Corrado"]
[Result "0-1"]
[WhiteElo "1879"]
[BlackElo "2179"]
[PlyCount "72"]
[EventDate "2006.06.08"]

1. e4 g6 2. d4 Bg7 3. Nf3 d6 4. Be2 c6 5. O-O Nf6 6. Nc3 O-O 7. Be3 b5 8. a3 a6
9. h3 Bb7 10. Nh2 Nbd7 11. Bf3 Qc7 12. Ne2 Rad8 13. Ng3 e5 14. c3 d5 15. Qc2
Rfe8 16. Rad1 dxe4 17. Nxe4 Nxe4 18. Bxe4 f5 19. Bf3 e4 20. Be2 f4 21. Bc1 c5
22. d5 Qe5 23. c4 bxc4 24. Bxc4 Nb6 25. d6+ Kh8 26. Bf7 Rf8 27. Qb3 Rxd6 28.
Ng4 Qe7 29. Rxd6 Qxd6 30. Rd1 Qc7 31. Bc4 h5 32. Nh2 Bd4 33. Be2 f3 34. gxf3
Qg3+ 35. Kh1 exf3 36. Rg1 fxe2+ 0-1

[Event "Torneo Estate Vomero"]
[Site "Napoli ITA"]
[Date "2006.06.22"]
[Round "3"]
[White "Esposito, Pino"]
[Black "Di Giulio, Massimo"]
[Result "1-0"]
[WhiteElo "1759"]
[BlackElo "2033"]
[PlyCount "75"]
[EventDate "2006.06.08"]

1. Nf3 Nf6 2. g3 g6 3. Bg2 Bg7 4. O-O O-O 5. c4 d6 6. d4 Nc6 7. Nc3 Bf5 8. Qb3
Rb8 9. Rd1 Na5 10. Qa4 c6 11. b3 c5 12. Bb2 Ne4 13. Qa3 Nc6 14. Nxe4 Bxe4 15.
dxc5 Bxb2 16. Qxb2 Qc7 17. cxd6 exd6 18. Rd2 Ne5 19. Nh4 Bxg2 20. Nxg2 Qb6 21.
Qd4 Qa5 22. Rad1 Rbd8 23. Nf4 Rfe8 24. Nd5 Re6 25. Qh4 Rc8 26. Ne7+ Kf8 27.
Nxc8 Qc5 28. Nxd6 h5 29. Ne4 Qc6 30. Rd6 Rxd6 31. Nxd6 Ng4 32. Qd8+ Kg7 33. Qe8
Qc5 34. Qxf7+ Kh6 35. Qf8+ Kh7 36. Qf4 Kg7 37. Ne4 Qc6 38. Rd8 1-0

[Event "Torneo Estate Vomero"]
[Site "Napoli ITA"]
[Date "2006.06.22"]
[Round "3"]
[White "Ficco, Corrado"]
[Black "Rosato, Luciano"]
[Result "1-0"]
[WhiteElo "2179"]
[BlackElo "2217"]
[PlyCount "67"]
[EventDate "2006.06.08"]

1. e4 g6 2. d4 Bg7 3. Nc3 c6 4. Bc4 d6 5. Qf3 e6 6. Nge2 Nd7 7. O-O b5 8. Bb3
b4 9. Nb1 Bb7 10. a3 a5 11. axb4 axb4 12. Rxa8 Bxa8 13. Bf4 Nb6 14. c4 bxc3 15.
Nbxc3 Ne7 16. Qg3 Nec8 17. e5 d5 18. Bg5 Qc7 19. Rc1 h6 20. Be3 O-O 21. Qh3 Kh7
22. g4 Qe7 23. Ra1 Bb7 24. Bc2 Nc4 25. Bc1 c5 26. b3 cxd4 27. bxc4 dxc3 28. Ba3
Qg5 29. f4 Qd8 30. Bxf8 Bxf8 31. Qxc3 Qb6+ 32. Kf1 dxc4 33. Qxc4 Bd5 34. Qxc8
1-0

[Event "Torneo Estate Vomero"]
[Site "Napoli ITA"]
[Date "2006.06.22"]
[Round "3"]
[White "Radice, Mario"]
[Black "Cecaro, Dario"]
[Result "1-0"]
[WhiteElo "1793"]
[BlackElo "2132"]
[PlyCount "53"]
[EventDate "2006.06.08"]

1. e4 d6 2. d4 c6 3. c4 Qc7 4. Be3 Nd7 5. Nc3 e5 6. Nf3 Be7 7. Bd3 Ngf6 8. O-O
O-O 9. b4 a6 10. Rc1 exd4 11. Nxd4 Ne5 12. Nf5 Bxf5 13. exf5 Neg4 14. Bf4 Qb6
15. Be2 Ne5 16. a3 Rad8 17. Be3 Qc7 18. Na4 c5 19. Qc2 b5 20. cxb5 axb5 21.
Bxb5 Neg4 22. Bf4 Qb7 23. Qc4 d5 24. Nxc5 Bxc5 25. Qxc5 Rc8 26. Bc6 Qa6 27. b5
1-0

[Event "Torneo Estate Vomero"]
[Site "Napoli ITA"]
[Date "2006.06.29"]
[Round "4"]
[White "Cecaro, Dario"]
[Black "Pinto, Gaetano"]
[Result "1-0"]
[WhiteElo "2132"]
[BlackElo "1949"]
[PlyCount "57"]
[EventDate "2006.06.08"]

1. d4 d5 2. e3 Nf6 3. f4 g6 4. Nf3 Bg7 5. Be2 O-O 6. O-O c5 7. c3 b6 8. Ne5 Ba6
9. b3 Bxe2 10. Qxe2 Nbd7 11. Nd2 Qc7 12. Ba3 e6 13. Rac1 Qb7 14. g4 Rfc8 15. g5
Ne4 16. Nxe4 dxe4 17. Qg2 f5 18. gxf6 Nxf6 19. Qh3 Qe7 20. dxc5 bxc5 21. Rfd1
a5 22. Nc4 Ra6 23. Rd2 a4 24. b4 Nd5 25. Rxd5 cxb4 26. Bxb4 Qc7 27. Rc5 Rc6 28.
Rxc6 Qxc6 29. Nd6 1-0